| 000 | 00715nam a22002297a 4500 | ||
|---|---|---|---|
| 005 | 20160809152340.0 | ||
| 008 | 101213t xxu||||| |||| 00| 0 eng d | ||
| 010 | _a1617EN | ||
| 020 |
_c550.00 _a9788120342149 |
||
| 037 |
_bABC _adpl |
||
| 040 |
_adpl _bEng |
||
| 082 | _a338.88 | ||
| 100 |
_aCherunilam,Francis _924733 |
||
| 245 | 1 |
_aInternational business : _cby Francis Cherunilam _btext and cases / |
|
| 250 | _a5th ed | ||
| 260 |
_aNew Delhi _bPrentice-Hall of India _c2016(rpt) |
||
| 270 |
_aM-97, Connaught Circus, _bNew Delhi _e110 001 |
||
| 300 |
_axxi, 848p. _c24cm (pbk) |
||
| 500 | _aIncludes index | ||
| 942 |
_adpl _cEN _2ddc _h338.88 _mCHE |
||
| 999 |
_c102018 _d102018 |
||